000 00587nam a2200205 u 4500
005 20230615063555.0
008 131105s2006 es r 000 0 spa d
020 _a8497003284
035 _aUPN01000193901
049 _aCG
050 4 _aHM716
_bO9.6
100 1 _aOviedo Moreno, Otilia
_935098
245 1 0 _a500 actividades con grupos /
_cOtilia Oviedo.
260 _aMálaga, Esp. :
_bAljibe,
_cc2006 .
300 _a160 p. :
_bil.
440 0 _aDinámicas, técnicas y recursos
650 4 _aDinámica de grupos
_96712
650 7 _aActividades en grupo
_2
_9382
905 _aLibro
999 _c166002
_d166002